000 00412nam a2200157Ia 4500
008 230917s9999||||xx |||||||||||||| ||und||
040 _e105619
_aMAIN
041 _aEnglish
082 _a658.8 C626S
100 _aClow, Kenneth E.
245 0 _aServices marketing, 2e: operation, management and strategy
250 _a2nd ed.
260 _aNew Delhi
_bBiztantra
_c2003
300 _axi,460p p.
942 _cBK
999 _c164504
_d164504